00658 2200205 4500001002100000005001500021035002000036245006600056100002300122250001200145300003000157856001900187700002300206260006800229082001600297650005900313008004100372084002200413990001700435INLIS00000000000010020250711024032 a0010-07250001001 aManasa Mangumpulkan Warna-Warni Pelangi /cShalini Seinivasan0 aSrinivasan,Shalini apertama a20hlm. :bIlus. ;c22,9cm aTBM AS-SYUHADA0 aPia Alize Hazarika aJakarta Timur :bBadan Pengembangan dan Pembinaan Bahasa,c2022 a398.209 598 4acerita anak indonesia-terjemahan,literasi bahan bacaan250711 0  a398.209 598 SRI m aTBM202500075